[Event "Rheinland Pfalz op Seniors 15th"]
[Site "Neustadt an der Weinstrasse"]
[Date "2017.07.21"]
[Round "7"]
[White "Fecht, Hans Peter"]
[Black "Walther, Reinhard"]
[Result "1/2-1/2"]
[WhiteElo "2119"]
[BlackElo "2035"]
[PlyCount "25"]
[EventDate "2017.07.15"]
[EventType "swiss"]
[EventRounds "9"]
[EventCountry "GER"]
[SourceTitle "EXT 2018"]
[Source "ChessBase"]
[SourceDate "2017.10.13"]
[SourceVersion "1"]
[SourceVersionDate "2017.10.13"]
[SourceQuality "1"]

1. c4 c5 2. g3 g6 3. Bg2 Bg7 4. Nc3 Nc6 5. Nf3 e6 6. 0-0 Nge7 7. d3 d5 8. Bf4 e5 9. Bg5 f6 10. Bd2 dxc4 11. dxc4 0-0 12. Be3 Nd4 13. Ne1 1/2-1/2

[Event "Rheinland Pfalz op Seniors 15th"]
[Site "Neustadt an der Weinstrasse"]
[Date "2017.07.15"]
[Round "1"]
[White "Fecht, Hans Peter"]
[Black "Lachat, Martin"]
[Result "1-0"]
[WhiteElo "2119"]
[BlackElo "1631"]
[PlyCount "53"]
[EventDate "2017.07.15"]
[EventType "swiss"]
[EventRounds "9"]
[EventCountry "GER"]
[SourceTitle "EXT 2018"]
[Source "ChessBase"]
[SourceDate "2017.10.13"]
[SourceVersion "1"]
[SourceVersionDate "2017.10.13"]
[SourceQuality "1"]

1. c4 f5 2. Nc3 g6 3. b4 Bg7 4. Bb2 Nf6 5. d3 0-0 6. Nf3 d6 7. g3 e5 8. Bg2 c6 9. 0-0 Qc7 10. Qb3 Kh8 11. a4 Be6 12. Rfc1 Qe7 13. Qc2 Nbd7 14. Ba3 Rac8 15. b5 c5 16. Ng5 b6 17. Nxe6 Qxe6 18. Bb2 Rce8 19. Nd5 Rc8 20. a5 bxa5 21. Rxa5 Nb6 22. Nxf6 Bxf6 23. Rxa7 d5 24. cxd5 Nxd5 25. Qc4 Rfd8 26. Ra6 Nc7 27. Rxe6 1-0

[Event "GER-chT Seniors 25th"]
[Site "Magdeburg"]
[Date "2016.10.11"]
[Round "3.11"]
[White "Schmidt, Gerhard"]
[Black "Fecht, Hans Peter"]
[Result "1-0"]
[WhiteElo "2214"]
[BlackElo "2148"]
[PlyCount "55"]
[EventDate "2016.10.09"]
[EventType "team-swiss"]
[EventRounds "7"]
[EventCountry "GER"]
[SourceTitle "EXT 2019"]
[Source "ChessBase"]
[SourceDate "2018.10.10"]
[SourceVersion "1"]
[SourceVersionDate "2018.10.10"]
[SourceQuality "1"]
[WhiteTeam "Bayern"]
[BlackTeam "Rheinland Pfalz"]
[WhiteTeamCountry "GER"]
[BlackTeamCountry "GER"]

1. d4 d5 2. Nf3 Nf6 3. c4 c6 4. e3 a6 5. Bd3 e6 6. 0-0 Nbd7 7. Nbd2 c5 8. cxd5 exd5 9. e4 dxe4 10. Nxe4 Be7 11. Nxf6+ Nxf6 12. dxc5 0-0 13. Bg5 Bg4 14. Rc1 Qa5 15. Qe1 Qxe1 16. Rfxe1 Rfe8 17. b4 h6 18. Bh4 Rad8 19. Bc4 Kf8 20. a3 Nd5 21. Bxe7+ Nxe7 22. Ne5 Be6 23. Bxe6 fxe6 24. g3 Rd2 25. Nc4 Rd3 26. Rxe6 Nc6 27. Rxe8+ Kxe8 28. Nd6+ 1-0

[Event "GER-chA Seniors 28th"]
[Site "Niederhausen"]
[Date "2016.08.17"]
[Round "5"]
[White "Fecht, Hans Peter"]
[Black "Cichy, Michael"]
[Result "1/2-1/2"]
[WhiteElo "2171"]
[BlackElo "2033"]
[PlyCount "23"]
[EventDate "2016.08.13"]
[EventType "swiss"]
[EventRounds "9"]
[EventCountry "GER"]
[SourceTitle "EXT 2019"]
[Source "ChessBase"]
[SourceDate "2018.10.10"]
[SourceVersion "1"]
[SourceVersionDate "2018.10.10"]
[SourceQuality "1"]

1. Nf3 Nf6 2. b3 e6 3. Bb2 b6 4. g3 Bb7 5. Bg2 Be7 6. 0-0 0-0 7. c4 c5 8. Nc3 a6 9. e3 Nc6 10. d4 cxd4 11. Nxd4 Qc7 12. Nxc6 1/2-1/2

[Event "Rheinland Pfalz op Seniors 14th"]
[Site "Neustadt an der Weinstrasse"]
[Date "2016.07.21"]
[Round "6"]
[White "Esswein, Karlheinz"]
[Black "Fecht, Hans Peter"]
[Result "0-1"]
[WhiteElo "2060"]
[BlackElo "2188"]
[PlyCount "62"]
[EventDate "2016.07.16"]
[EventType "swiss"]
[EventRounds "9"]
[EventCountry "GER"]
[SourceTitle "EXT 2019"]
[Source "ChessBase"]
[SourceDate "2018.10.10"]
[SourceVersion "1"]
[SourceVersionDate "2018.10.10"]
[SourceQuality "1"]

1. c4 c6 2. e4 d5 3. cxd5 cxd5 4. exd5 Nf6 5. Qa4+ Nbd7 6. Nc3 g6 7. Bc4 Bg7 8. d4 0-0 9. Nge2 Nb6 10. Qb3 Nxc4 11. Qxc4 b6 12. 0-0 Bb7 13. Nf4 h6 14. h4 Qd7 15. Re1 Rfe8 16. Bd2 Rac8 17. Qb3 Qg4 18. Qb4 g5 19. hxg5 hxg5 20. f3 Qd7 21. Nh3 Nxd5 22. Nxd5 Qxd5 23. Rxe7 Bxd4+ 24. Kh1 Bc5 25. Rxe8+ Rxe8 26. Qc3 g4 27. Nf4 Qf5 28. fxg4 Qxg4 29. Qd3 Re6 30. Qd8+ Kh7 31. Qd3+ Be4 0-1

[Event "Verbandsliga Nord Baden 0607"]
[Site "Germany"]
[Date "2006.11.12"]
[Round "2.3"]
[White "Rehl, Danny"]
[Black "Fecht, Hans Peter"]
[Result "0-1"]
[WhiteElo "2197"]
[BlackElo "2219"]
[PlyCount "64"]
[EventDate "2006.10.22"]
[EventType "team-tourn"]
[EventRounds "9"]
[EventCountry "GER"]
[SourceTitle "EXT 2008"]
[Source "ChessBase"]
[SourceDate "2007.11.25"]
[SourceVersion "1"]
[SourceVersionDate "2007.11.25"]
[SourceQuality "1"]
[WhiteTeam "Leimen"]
[BlackTeam "Karlsruhe II"]
[WhiteTeamCountry "GER"]
[BlackTeamCountry "GER"]

1. Nf3 d5 2. c4 c6 3. cxd5 cxd5 4. e3 Nc6 5. Bb5 e6 6. b3 Bd6 7. Bb2 f6 8. Nh4 Nh6 9. Qh5+ Kf8 10. f4 e5 11. f5 Bd7 12. 0-0 a6 13. Be2 e4 14. Bd1 Nb4 15. Nc3 Nd3 16. Rb1 Nxb2 17. Rxb2 Be5 18. Rc2 Bc6 19. g3 d4 20. Na4 Be8 21. Ng6+ hxg6 22. fxg6 Qd6 23. Nc5 Bc6 24. Bg4 Ke7 25. Kg2 Rac8 26. Bxc8 Rxc8 27. Qh3 Bd7 28. Nxd7 Rxc2 29. Nf8 Kxf8 30. Kh1 Ke7 31. Qh4 dxe3 32. Qxe4 Qc6 0-1

[Event "Verbandsliga Nord Baden 0607"]
[Site "Germany"]
[Date "2006.10.22"]
[Round "1.3"]
[White "Fecht, Hans Peter"]
[Black "Rosner, Jonas"]
[Result "1/2-1/2"]
[WhiteElo "2219"]
[BlackElo "2085"]
[PlyCount "49"]
[EventDate "2006.10.22"]
[EventType "team-tourn"]
[EventRounds "9"]
[EventCountry "GER"]
[SourceTitle "EXT 2008"]
[Source "ChessBase"]
[SourceDate "2007.11.25"]
[SourceVersion "1"]
[SourceVersionDate "2007.11.25"]
[SourceQuality "1"]
[WhiteTeam "Karlsruhe II"]
[BlackTeam "Ettlingen"]
[WhiteTeamCountry "GER"]
[BlackTeamCountry "GER"]

1. d4 d5 2. c4 c6 3. cxd5 cxd5 4. Nc3 Nc6 5. Nf3 Nf6 6. Bf4 e6 7. e3 Nh5 8. Bb5 Qb6 9. 0-0 Be7 10. Bg5 Nf6 11. Ne5 Bd7 12. Qa4 Rc8 13. Nxd7 Kxd7 14. Rfc1 a6 15. Bf1 Rhd8 16. Qd1 Ke8 17. Na4 Qa7 18. Nc5 Nd7 19. Qh5 Nf8 20. Rc3 h6 21. Bxe7 Kxe7 22. Nd3 Nd7 23. Rac1 Kf8 24. Qh4 Qb8 25. Qg3 1/2-1/2

[Event "Verbandsliga Nord Baden 0506"]
[Site "Germany"]
[Date "2005.12.18"]
[Round "4.3"]
[White "Fecht, Hans Peter"]
[Black "Schwab, Markus"]
[Result "1-0"]
[WhiteElo "2224"]
[BlackElo "2141"]
[PlyCount "39"]
[EventDate "2005.10.16"]
[EventType "team-tourn"]
[EventRounds "9"]
[EventCountry "GER"]
[SourceTitle "EXT 2007"]
[Source "ChessBase"]
[SourceDate "2006.11.23"]
[SourceVersion "1"]
[SourceVersionDate "2006.11.23"]
[SourceQuality "1"]
[WhiteTeam "Karlsruhe II"]
[BlackTeam "Mosbach"]
[WhiteTeamCountry "GER"]
[BlackTeamCountry "GER"]

1. d4 d5 2. c4 c6 3. Nc3 Nf6 4. e3 e6 5. Nf3 Nbd7 6. Bd3 Bd6 7. 0-0 0-0 8. e4 dxc4 9. Bxc4 e5 10. Bg5 Qc7 11. d5 c5 12. a4 a5 13. Nb5 Qb8 14. Qd3 Ne8 15. Nh4 f6 16. Bd2 Kh8 17. g4 Bc7 18. d6 g5 19. dxc7 Nxc7 20. Nf5 1-0

[Event "Verbandsliga Nord Baden 0506"]
[Site "Germany"]
[Date "2005.11.13"]
[Round "2.1"]
[White "Fecht, Hans Peter"]
[Black "Vasilev, Milen"]
[Result "1/2-1/2"]
[WhiteElo "2224"]
[BlackElo "2419"]
[PlyCount "85"]
[EventDate "2005.10.16"]
[EventType "team-tourn"]
[EventRounds "9"]
[EventCountry "GER"]
[SourceTitle "EXT 2007"]
[Source "ChessBase"]
[SourceDate "2006.11.23"]
[SourceVersion "1"]
[SourceVersionDate "2006.11.23"]
[SourceQuality "1"]
[WhiteTeam "Karlsruhe II"]
[BlackTeam "Neuhausen"]
[WhiteTeamCountry "GER"]
[BlackTeamCountry "GER"]

1. e4 c5 2. Nf3 d6 3. d4 cxd4 4. Nxd4 Nf6 5. Nc3 g6 6. Be3 Bg7 7. f3 0-0 8. Qd2 Nc6 9. 0-0-0 Nxd4 10. Bxd4 Be6 11. Kb1 Qc7 12. Nd5 Bxd5 13. exd5 Rfc8 14. c3 Qa5 15. c4 Qxd2 16. Rxd2 Nd7 17. Be2 Bxd4 18. Rxd4 Rc7 19. f4 f5 20. g4 Nc5 21. gxf5 gxf5 22. Rg1+ Kh8 23. Rdd1 Ne4 24. Rg2 Rg8 25. Rxg8+ Kxg8 26. Kc2 Kf7 27. b3 b5 28. Rg1 a5 29. Bd3 Nf6 30. Kd2 bxc4 31. bxc4 a4 32. Rb1 a3 33. Rb3 Ne4+ 34. Ke3 Ra7 35. Bxe4 fxe4 36. Kxe4 Ra4 37. Kd4 Ra8 38. Rh3 Kg6 39. Re3 Ra7 40. Ke4 Ra4 41. Kd4 Ra7 42. Ke4 Ra4 43. Kd4 1/2-1/2

[Event "BL2-Sued 0405"]
[Site "Germany"]
[Date "2005.02.13"]
[Round "7.8"]
[White "De Francesco, Klaus"]
[Black "Fecht, Hans Peter"]
[Result "1-0"]
[WhiteElo "2238"]
[BlackElo "2233"]
[PlyCount "85"]
[EventDate "2004.10.24"]
[EventType "team-tourn"]
[EventRounds "9"]
[EventCountry "GER"]
[SourceTitle "EXT 2007"]
[Source "ChessBase"]
[SourceDate "2006.11.23"]
[SourceVersion "1"]
[SourceVersionDate "2006.11.23"]
[SourceQuality "1"]
[WhiteTeam "Pasing"]
[BlackTeam "Karlsruhe"]
[WhiteTeamCountry "GER"]
[BlackTeamCountry "GER"]

1. d4 d5 2. c4 c6 3. Nc3 Nf6 4. Nf3 a6 5. c5 Bg4 6. Ne5 Bf5 7. Qb3 Ra7 8. h3 Nbd7 9. g4 Be6 10. f4 Nxe5 11. fxe5 Ne4 12. Nxe4 dxe4 13. Qe3 Bd5 14. Bg2 e6 15. 0-0 b6 16. b4 a5 17. cxb6 Qxb6 18. bxa5 Rxa5 19. Bd2 Ra3 20. Qf2 Qc7 21. Rab1 Ra8 22. a4 Ba3 23. a5 0-0 24. Qe3 Be7 25. Bxe4 c5 26. Rfc1 cxd4 27. Qxd4 Qa7 28. Qxa7 Rxa7 29. Bxd5 exd5 30. Rb5 Rd8 31. Be1 Bg5 32. Rd1 Be3+ 33. Bf2 Bxf2+ 34. Kxf2 h5 35. Rbxd5 Rxd5 36. Rxd5 hxg4 37. hxg4 Kf8 38. Ke3 Ke7 39. Kd4 Rb7 40. a6 Rb4+ 41. Kc5 Rxg4 42. Kb6 Ra4 43. a7 1-0

[Event "Oberliga Baden 0405"]
[Site "Germany"]
[Date "2005.01.30"]
[Round "6.3"]
[White "Hund, Barbara"]
[Black "Fecht, Hans Peter"]
[Result "1-0"]
[WhiteElo "2240"]
[BlackElo "2233"]
[PlyCount "99"]
[EventDate "2004.10.24"]
[EventType "team-tourn"]
[EventRounds "9"]
[EventCountry "GER"]
[SourceTitle "EXT 2007"]
[Source "ChessBase"]
[SourceDate "2006.11.23"]
[SourceVersion "1"]
[SourceVersionDate "2006.11.23"]
[SourceQuality "1"]
[WhiteTeam "Freiburg"]
[BlackTeam "Karlsruhe II"]
[WhiteTeamCountry "GER"]
[BlackTeamCountry "GER"]

1. e4 c6 2. d4 d5 3. Nd2 dxe4 4. Nxe4 Nd7 5. Nf3 Ngf6 6. Ng3 e6 7. Bc4 Be7 8. 0-0 0-0 9. Qe2 Nb6 10. Bb3 a5 11. a4 Nbd5 12. Ne5 Qb6 13. Rd1 Rd8 14. Nh5 c5 15. dxc5 Bxc5 16. Nxf6+ Nxf6 17. Bg5 Be7 18. Ng4 Qc7 19. Bxf6 Bxf6 20. Nxf6+ gxf6 21. Rxd8+ Qxd8 22. Rd1 Qc7 23. Qg4+ Kf8 24. Qh4 Ke7 25. Qxh7 Ra6 26. Qh5 Rd6 27. h4 Bd7 28. c3 Bc6 29. Qc5 Kd7 30. Rxd6+ Qxd6 31. Qxd6+ Kxd6 32. Bc2 Ke5 33. f3 f5 34. Kf2 f4 35. b4 b6 36. g4 fxg3+ 37. Kxg3 f5 38. f4+ Kf6 39. Bb3 Bd7 40. Kf3 Kg6 41. Ke3 Kh5 42. Kd4 Kxh4 43. Ke5 Kg3 44. bxa5 bxa5 45. c4 Kf3 46. c5 Ke3 47. Kd6 Be8 48. c6 Bxc6 49. Kxc6 Kxf4 50. Bxe6 1-0

[Event "Oberliga Baden 0405"]
[Site "Germany"]
[Date "2004.11.28"]
[Round "3.5"]
[White "Tschann, Stephan"]
[Black "Fecht, Hans Peter"]
[Result "1/2-1/2"]
[WhiteElo "2220"]
[BlackElo "2233"]
[PlyCount "99"]
[EventDate "2004.10.24"]
[EventType "team-tourn"]
[EventRounds "9"]
[EventCountry "GER"]
[SourceTitle "EXT 2007"]
[Source "ChessBase"]
[SourceDate "2006.11.23"]
[SourceVersion "1"]
[SourceVersionDate "2006.11.23"]
[SourceQuality "1"]
[WhiteTeam "Waldshut"]
[BlackTeam "Karlsruhe II"]
[WhiteTeamCountry "GER"]
[BlackTeamCountry "GER"]

1. e4 c6 2. d4 d5 3. Nc3 dxe4 4. Nxe4 Nd7 5. Nf3 Ngf6 6. Ng3 e6 7. Be2 Bd6 8. 0-0 Qc7 9. c4 0-0 10. b3 c5 11. Bb2 b6 12. d5 Ne5 13. dxe6 Bxe6 14. Ng5 Rad8 15. f4 Ng6 16. Bd3 Bxf4 17. Bxf6 gxf6 18. N5e4 f5 19. Nf6+ Kg7 20. Nfh5+ Kh8 21. Qf3 Be5 22. Rae1 f4 23. Ne4 Qd7 24. Nf2 Bd4 25. Nxf4 Nxf4 26. Qxf4 Bxf2+ 27. Qxf2 Qxd3 28. Qf6+ Kg8 29. Rxe6 Qxf1+ 30. Qxf1 fxe6 31. Qe1 Rf6 32. h3 Kf7 33. Qe5 Rd7 34. Qh5+ Kg7 35. Qe5 h6 36. Kh2 Kf7 37. Qh5+ Rg6 38. Qf3+ Kg8 39. Qa8+ Kh7 40. Qe4 Kg7 41. Qe5+ Kf7 42. Qf4+ Rf6 43. Qe4 Rf5 44. Qe3 h5 45. Qh6 Ke7 46. Qg7+ Kd6 47. Qg3+ Kc6 48. Qg8 Kd6 49. Qg3+ Ke7 50. Qg7+ 1/2-1/2

[Event "BL2-Sued 0405"]
[Site "Germany"]
[Date "2004.11.14"]
[Round "2.8"]
[White "Neunhoeffer, Helmut"]
[Black "Fecht, Hans Peter"]
[Result "1-0"]
[WhiteElo "2300"]
[BlackElo "2233"]
[PlyCount "69"]
[EventDate "2004.10.24"]
[EventType "team-tourn"]
[EventRounds "9"]
[EventCountry "GER"]
[SourceTitle "EXT 2007"]
[Source "ChessBase"]
[SourceDate "2006.11.23"]
[SourceVersion "1"]
[SourceVersionDate "2006.11.23"]
[SourceQuality "1"]
[WhiteTeam "Handschuhsheim"]
[BlackTeam "Karlsruhe"]
[WhiteTeamCountry "GER"]
[BlackTeamCountry "GER"]

1. d4 d5 2. c4 c6 3. Nc3 Nf6 4. e3 a6 5. Nf3 b5 6. b3 Bg4 7. Bb2 e6 8. Be2 Be7 9. h3 Bh5 10. Ne5 Bxe2 11. Qxe2 0-0 12. 0-0 Ne4 13. Nxe4 dxe4 14. f3 f6 15. Ng4 exf3 16. Qxf3 Ra7 17. Rad1 Kh8 18. d5 cxd5 19. cxd5 Rd7 20. e4 exd5 21. exd5 Rd6 22. Kh1 a5 23. Ne3 g6 24. a4 Nd7 25. axb5 Ne5 26. Qg3 Nf7 27. Rfe1 Rd7 28. Nc4 Nd6 29. Re6 Nf5 30. Qf3 Ng7 31. Ra6 Bb4 32. Rxf6 Rxf6 33. Qxf6 Qxf6 34. Bxf6 Kg8 35. Ne5 1-0

[Event "Baden VLN 0304"]
[Site "Baden"]
[Date "2004.05.02"]
[Round "9.5"]
[White "Schwab, Markus"]
[Black "Fecht, Hans Peter"]
[Result "1/2-1/2"]
[WhiteElo "2141"]
[BlackElo "2235"]
[PlyCount "72"]
[EventDate "2003.10.12"]
[EventType "team-tourn"]
[EventRounds "9"]
[EventCountry "GER"]
[SourceTitle "EXT 2022"]
[Source "ChessBase"]
[SourceDate "2021.10.06"]
[SourceVersion "1"]
[SourceVersionDate "2021.10.06"]
[SourceQuality "1"]
[WhiteTeam "Mosbach"]
[BlackTeam "Karlsruhe II"]
[WhiteTeamCountry "GER"]
[BlackTeamCountry "GER"]

1. d4 d5 2. c4 c6 3. Nf3 Nf6 4. Nc3 dxc4 5. a4 Bf5 6. e3 e6 7. Bxc4 Be7 8. 0-0 Nbd7 9. Qe2 Ne4 10. Nd2 Nxd2 11. Bxd2 Bg6 12. Bd3 Bxd3 13. Qxd3 0-0 14. Ne4 Nf6 15. Nxf6+ Bxf6 16. Bb4 Be7 17. Bxe7 Qxe7 18. Rfc1 Rfd8 19. Qa3 Kf8 20. Qxe7+ Kxe7 21. Rc5 Rd5 22. Rxd5 exd5 23. Kf1 Kd6 24. Ke2 a5 25. Kd3 b6 26. h4 Re8 27. Rc1 f5 28. b3 Re6 29. g3 Re7 30. Rc2 g6 31. Rc1 h6 32. Rd1 Rc7 33. Rc1 Rb7 34. Ra1 Rc7 35. Rc1 Rb7 36. Ra1 Rc7 1/2-1/2

[Event "BL2-Sued 0102"]
[Site "Germany"]
[Date "2002.02.03"]
[Round "5.7"]
[White "Fecht, Hans Peter"]
[Black "Rodewis, Thomas"]
[Result "1/2-1/2"]
[WhiteElo "2239"]
[BlackElo "2268"]
[PlyCount "53"]
[EventDate "2001.10.07"]
[EventType "team-tourn"]
[EventRounds "9"]
[EventCountry "GER"]
[SourceTitle "CBM 088 Extra"]
[Source "ChessBase"]
[SourceDate "2002.07.01"]
[SourceVersion "2"]
[SourceVersionDate "2002.07.01"]
[SourceQuality "1"]
[WhiteTeam "Karlsruhe"]
[BlackTeam "Bayern Muenchen"]
[WhiteTeamCountry "GER"]
[BlackTeamCountry "GER"]

1. Nf3 Nf6 2. c4 c6 3. b3 d5 4. Bb2 Bg4 5. e3 Nbd7 6. Be2 e6 7. 0-0 Bd6 8. d3 e5 9. h3 Bh5 10. cxd5 cxd5 11. Nc3 Qa5 12. a3 Bg6 13. b4 Qd8 14. Qb3 e4 15. dxe4 dxe4 16. Nh4 Qe7 17. Rfd1 Rd8 18. Rd2 Bb8 19. Rad1 Qe5 20. g3 Qg5 21. Nd5 Nh5 22. Ng2 Nxg3 23. Bg4 Nf5 24. Nc3 Qe7 25. Nd5 Qg5 26. Nc3 Qe7 27. Nd5 1/2-1/2